| 000 | 00427cam a2200169ua 4500 | ||
|---|---|---|---|
| 020 | _c175.00 | ||
| 041 |
_aeng _h |
||
| 082 |
_a630.9 _bHUS/AG |
||
| 100 | _aHusain, Majid . | ||
| 245 |
_aSystematic agricultural geography / _cMajid Husain. _hTextual Documents |
||
| 260 |
_aNew Delhi : _bRawat Publications , _c2005. |
||
| 300 | _a430 ; . | ||
| 365 | _a175.00 | ||
| 504 | _a | ||
| 942 | _cBK | ||
| 999 |
_c13139 _d13139 |
||